Liverpool FC-Players with 10+ Prem Goals - Statistics

General Stats
  • This quiz has been taken 1,126 times
    1,060 since last reset
  • The average score is 18 of 36
Answer Stats
Hint Answer % Correct
120 Gerrard
95%
69 Suarez
89%
118 Owen
86%
128 Fowler
83%
65 Torres
83%
45 Rush
76%
38 Sturridge
71%
14 Alonso
67%
51 Kuyt
66%
18 Coutinho
62%
19 Henderson
59%
18 Sterling
58%
22 Crouch
56%
21 Riise
54%
39 Heskey
53%
19 Baros
52%
22 Hyypia
52%
22 Barnes
51%
18 Garcia
50%
13 Cisse
47%
41 Mcmanaman
47%
10 Smicer
46%
16 Skrtel
42%
12 Kewell
41%
12 Babel
39%
25 Murphy
36%
28 Berger
35%
30 Redknapp
34%
13 Bellamy
32%
18 Benayoun
32%
26 Collymore
30%
15 Rodriguez
27%
14 Ince
23%
11 Riedle
14%
11 Ruddock
13%
11 Walters
11%
No matching quizzes found
Score Distribution
Percent of People with Each Score
Percentile by Number Answered
Your Score History
You have not taken this quiz since the last reset